[Event "Hum na Sutli op 6th"]
[Site "Hum na Sutli"]
[Date "2012.09.10"]
[Round "4"]
[White "Raljic, Mirko"]
[Black "Samovojska, Damir"]
[Result "0-1"]
[WhiteElo "2072"]
[BlackElo "2201"]
[PlyCount "164"]
[EventDate "2012.09.07"]
[EventType "swiss"]
[EventRounds "9"]
[EventCountry "CRO"]
[SourceTitle "CBM 150 Extra"]
[Source "ChessBase"]
[SourceDate "2012.10.19"]
[SourceVersion "1"]
[SourceVersionDate "2012.10.19"]
[SourceQuality "1"]

1. e4 c6 2. c4 d5 3. exd5 cxd5 4. cxd5 Nf6 5. Nc3 Nxd5 6. Nf3 Nc6 7. Bb5 Nxc3 8. bxc3 Bd7 9. 0-0 e6 10. d4 Be7 11. Qe2 0-0 12. Bd3 Bf6 13. Qe4 g6 14. Bh6 Re8 15. Ne5 Nxe5 16. dxe5 Bc6 17. Qd4 Qxd4 18. cxd4 Bd8 19. Be3 Bb6 20. Bc4 Red8 21. Rfd1 Kg7 22. a4 Ba5 23. Bg5 Rd7 24. Bb5 Bxb5 25. axb5 Bb6 26. Kf1 Rd5 27. Bf6+ Kf8 28. Rab1 Rc8 29. Rbc1 Ra8 30. Rc4 Ke8 31. Rdc1 Kd7 32. Rb4 Rc8 33. Rxc8 Kxc8 34. Ke2 Rxd4 35. Rxd4 Bxd4 36. f3 Kc7 37. Kd3 Bg1 38. h3 Bh2 39. Kc4 Bf4 40. g4 a6 41. Kb4 Bd2+ 42. Kc4 Kd7 43. Kd3 Be1 44. Kc4 Bg3 45. Kb4 Kc7 46. Kc5 h5 47. Kb4 Be1+ 48. Kc4 a5 49. Be7 Bf2 50. Bd6+ Kd7 51. Ba3 Be1 52. Bc5 Bd2 53. Kd3 Bg5 54. Bb6 Bd8 55. Bc5 f6 56. gxh5 gxh5 57. exf6 Bxf6 58. Bb6 Bd8 59. Bc5 Be7 60. Bb6 Bb4 61. Kc4 Kd6 62. Bd4 Bd2 63. Bb2 Be3 64. Bc3 Bb6 65. f4 Bc7 66. Bd2 Bb6 67. Bc1 Ke7 68. Bb2 Kf7 69. Kd3 Bd8 70. Ke4 Bf6 71. Ba3 Kg6 72. Bd6 Bb2 73. Kd3 Kf5 74. Kc2 Bf6 75. Kb3 Bd8 76. Kc4 Bb6 77. Kd3 Bf2 78. Bc7 a4 79. Kc4 Be1 80. Kc5 Bc3 81. Kc4 Bd2 82. b6 Ke4 0-1

[Event "CRO-chT2 Center"]
[Site "Croatia"]
[Date "2011.10.23"]
[Round "11.56"]
[White "Margeta, Zeljko"]
[Black "Raljic, Mirko"]
[Result "1/2-1/2"]
[WhiteElo "2062"]
[BlackElo "2127"]
[PlyCount "108"]
[EventDate "2011.03.20"]
[EventType "team-tourn"]
[EventRounds "11"]
[EventCountry "CRO"]
[SourceTitle "EXT 2014"]
[Source "ChessBase"]
[SourceDate "2013.11.20"]
[SourceVersion "1"]
[SourceVersionDate "2013.11.20"]
[SourceQuality "1"]

1. d4 Nf6 2. Nf3 c5 3. c3 e6 4. Bg5 h6 5. Bh4 Be7 6. e3 0-0 7. Nbd2 b6 8. Bd3 Bb7 9. 0-0 d6 10. a4 cxd4 11. exd4 Nbd7 12. Re1 Nh5 13. Bg3 Nxg3 14. hxg3 Nf6 15. Qb3 Qc7 16. Rac1 Rac8 17. Bb1 Qd7 18. Qc2 Bc6 19. b3 Rfe8 20. g4 g6 21. g5 Nh7 22. gxh6 Bf8 23. Ne4 Bxh6 24. Rcd1 f5 25. Ned2 Qe7 26. Qd3 Qf6 27. c4 Bxf3 28. Nxf3 Ng5 29. Nxg5 Bxg5 30. Qf3 Rc7 31. Qg3 e5 32. dxe5 dxe5 33. Rd5 Bf4 34. Qf3 Rh7 35. g3 Bg5 36. Red1 e4 37. Qg2 Rhe7 38. Rd6 Re6 39. Rxe6 Rxe6 40. Kf1 Qc3 41. g4 Qxb3 42. Re1 Bd2 43. gxf5 Rf6 44. Qxe4 Qh3+ 45. Kg1 Bxe1 46. Qe8+ Kg7 47. Qe7+ Rf7 48. f6+ Kh6 49. Qxf7 Qg4+ 50. Kf1 Bd2 51. Qg7+ Kh5 52. Qh7+ Bh6 53. f7 Qd1+ 54. Kg2 Qg4+ 1/2-1/2